Radiology Casebook for Medical Students. (Record no. 7221)

MARC details
000 -LEADER
fixed length control field 00493nam a22001817a 4500
003 - CONTROL NUMBER IDENTIFIER
control field OSt
005 - DATE AND TIME OF LATEST TRANSACTION
control field 20210910114425.0
008 - FIXED-LENGTH DATA ELEMENTS--GENERAL INFORMATION
fixed length control field 210910b ||||| |||| 00| 0 eng d
040 ## - CATALOGING SOURCE
Transcribing agency DDC
082 ## - DEWEY DECIMAL CLASSIFICATION NUMBER
Classification number WN200 W269r 2000
100 ## - MAIN ENTRY--PERSONAL NAME
Personal name Wasan, Rema: Grundy, Alan: Beese,Richard
9 (RLIN) 14844
245 ## - TITLE STATEMENT
Title Radiology Casebook for Medical Students.
260 ## - PUBLICATION, DISTRIBUTION, ETC. (IMPRINT)
Place of publication, distribution, etc. Knutsford:
Name of publisher, distributor, etc. Pasrest
Date of publication, distribution, etc. 2000
300 ## - PHYSICAL DESCRIPTION
Extent xx,170p.:
Other physical details ill;
Dimensions 18cm.
504 ## - BIBLIOGRAPHY, ETC. NOTE
Bibliography, etc Includes Index.
650 ## - SUBJECT ADDED ENTRY--TOPICAL TERM
Topical term or geographic name as entry element Radiology.
9 (RLIN) 47
942 ## - ADDED ENTRY ELEMENTS (KOHA)
Source of classification or shelving scheme Other/Generic Classification Scheme
Koha item type Book
Holdings
Withdrawn status Lost status Source of classification or shelving scheme Damaged status Not for loan Home library Current library Date acquired Source of acquisition Inventory number Total Checkouts Full call number Barcode Date last seen Date last checked out Price effective from Koha item type
    Other/Generic Classification Scheme     MUST Main Library MUST Main Library 10/09/2021 Donation 06/23891 1 WN200 W269r 2000 2021-1095 08/10/2021 10/09/2021 10/09/2021 Book